| 000 | 00457nam a22001817a 4500 | ||
|---|---|---|---|
| 005 | 20230314093551.0 | ||
| 008 | 160119b xxu||||| |||| 00| 0 eng d | ||
| 020 | _c50 paisa | ||
| 040 | _aLoreto College | ||
| 082 |
_a891.44 _bCHA |
||
| 100 |
_aChoudhury Pramatho _qPramatho Choudhury |
||
| 245 |
_aRayoter katha _cPramotho Choudhury |
||
| 260 |
_aKolkata _bBiswa bharati _c1351 |
||
| 300 | _a42p. | ||
| 650 | _aBengali | ||
| 850 | _aLCLIB | ||
| 942 | _cBK | ||
| 999 |
_c40389 _d90868 |
||